Datum a čas kvízu
23
Celkem bodů
Celkový počet nahraných bodů na tomto kvízu bez doplňovacích otázek.
5.
Pořadí na kvízu
Konečné umístění týmu na tomto kvízu.
Zaznamenané odpovědi
| # | Otázka | Odpověď | Body | Výsledky |
|---|---|---|---|---|
| 1. | Který prezidentský kandidát se... | Karel Janeček | 1 | |
| 2. | Ve věku 96 let zemřel minulý t... | Čína | 1 | |
| 3. | Jak to dopadne, když se bohové... | Největší dar | 0 | |
| 4. | V úterý ráno detektivové z Nár... | Xixoio | 1 | |
| 5. | Jeden z favoritů mistrovství s... | Japonsko | 0 | |
| 6. | V tomto tématu se podíváme na... | 1C 2B 3A 4D | 1 | |
| 7. | V následujících slovech se na... | 1B 2A 3C 4D | 1 | |
| 8. | Podívejme se teď na místní jmé... | C | 0 | |
| 9. | V následujících slovech je vyn... | B | 0 | |
| 10. | Na závěr se podíváme na několi... | B | 1 |